Normal view MARC view
  • Relaciones culturales

Entry Materia

Number of records used in: 12

001 - NÚMERO DE CONTROL DEL REGISTRO

  • campo de control: 10926

003 - IDENTIFICADOR DE NUMERO DE CONTROL

  • campo de control: MX-MxUPN

005 - FECHA Y HORA DE LA ÚLTIMA TRANSACCIÓN

  • campo de control: 20250224101230.0

008 - DATOS DE LONGITUD FIJA

  • campo de control de longitud fija: 250224n| acnnnbabn | ana |d

035 ## - NÚMERO DE CONTROL DEL SISTEMA

  • Número de control del sistema: UPN10000010933

040 ## - FUENTE DE LA CATALOGACIÓN

  • Centro catalogador de origen: MX-MxUPN
  • Lengua de catalogación: spa
  • Agencia de transcripción: MX-MxUPN

150 ## - ENCABEZAMIENTO - TEMÁTICO

  • Término de materia o nombre geográfico como elemento inicial: Relaciones culturales

360 ## - REFERENCIA COMPLEJA DE VÉASE ADEMÁS - MATERIA

  • Texto explicativo: Véase también
  • Encabezamiento al que se remite: RELACIONES (GENERALES)
  • Texto explicativo: bajo nombres de ciudades. Ej.:
  • Encabezamiento al que se remite: ESTADOS UNIDOS - RELACIONES (GENERALES) CON AMERICA LATINA

450 ## - VÉASE - MATERIA

  • Encabezamiento temático: Relaciones interculturales

550 ## - VÉASE ADEMÁS - MATERIA

  • Encabezamiento temático o nombre geográfico como elemento de entrada: COOPERACION INTELECTUAL

670 ## - FUENTE EN LA QUE SE LOCALIZARON DATOS

  • Cita de la fuente: E

902 ## - CATALOGADOR

  • Catalogador: LG/220297